000 01057nam a22002537a 4500
005 20240530110436.0
008 150301s2008 ua g b 000 0 ara d
017 _a2008/7180
_bمصر . دار الكتب المصرية
020 _a9772087421
040 _aEG-CaGPL
041 0 _aara
082 0 4 _221
_a955.053\
_bح س
100 0 _aحقى شفيق صالح
245 1 0 _aسقوط عرش الطاووس :
_bانهيار القوات المسلحة الايرانية فى عهد الاسرة البهلوية 1941 - 1979 م /
_cحقى سفيق صالح
250 _aط1
260 _aالقاهرة :
_bمكتبة مدبولى ،
_c2008
300 _a309 ص ؛
_c24 سم
504 _aببليوجرافية : ص 283 - 309
651 0 4 _aايران
_xالاحوال السياسية
_yمحمد رضا شاه بهلوى
651 0 4 _aايران
_xالقوات المسلحة
651 0 4 _aايران
_xتاريخ
_yالعصر الحديث
_yمحمد رضا شاه بهلوى
942 _2ddc
_cBK
999 _c60962
_d60962